مكتبة جامعة عجلون الوطنية

فهرس بحث المكتبة

Normal view MARC view
  • LCSH: France-History-Revolution,1789-1799 - France-History-Consulate and first Empire,1799-1815

Entry Topical Term

Number of records used in: 1

001 - CONTROL NUMBER

  • control field: 6151

003 - CONTROL NUMBER IDENTIFIER

  • control field: JO-AjAnu

005 - DATE AND TIME OF LATEST TRANSACTION

  • control field: 20230606071310.0

008 - FIXED-LENGTH DATA ELEMENTS

  • fixed length control field: 230606|| aca||aabn | a|a d

040 ## - CATALOGING SOURCE

  • Original cataloging agency: JO-AjAnu
  • Transcribing agency: JO-AjAnu

150 ## - HEADING--TOPICAL TERM

  • Topical term or geographic name entry element: LCSH: France-History-Revolution,1789-1799 - France-History-Consulate and first Empire,1799-1815

670 ## - SOURCE DATA FOUND

  • Source citation: Work cat.: (JO-AjAnu)3188: POPKIN, JEREMY D, author 6150, A SHORT HISTORY OF THE FRENCH REVOLUTION